101 Outline studies on questions asked and answered by our Lord. (Record no. 5038)

000 -LEADER
fixed length control field 00581nam a2200181 a 4500
001 - CONTROL NUMBER
control field :::00002779$&:&@@
003 - CONTROL NUMBER IDENTIFIER
control field OkBaRHE
005 - DATE AND TIME OF LATEST TRANSACTION
control field 20000607103257.0
008 - FIXED-LENGTH DATA ELEMENTS--GENERAL INFORMATION
fixed length control field s1965 j 000 0 eng u
040 ## - CATALOGING SOURCE
Transcribing agency
100 1# - MAIN ENTRY--PERSONAL NAME
Personal name Baldwin, Harry A.
245 10 - TITLE STATEMENT
Title 101 Outline studies on questions asked and answered by our Lord.
260 ## - PUBLICATION, DISTRIBUTION, ETC. (IMPRINT)
Place of publication, distribution, etc Grand Rapids, MI., :
Name of publisher, distributor, etc Baker Book House
Date of publication, distribution, etc 1965
300 ## - PHYSICAL DESCRIPTION
Extent 126 p. ;
Dimensions 19 cm.
650 ## - SUBJECT ADDED ENTRY--TOPICAL TERM
Topical term or geographic name as entry element Jesus Christ
General subdivision Teachings
942 ## - ADDED ENTRY ELEMENTS (KOHA)
Source of classification or shelving scheme
Koha item type Books
Copies
Not for loan Copy number Permanent Location Date last seen Date acquired Lost status Full call number Damaged status Price effective from Koha item type Withdrawn status Source of classification or shelving scheme Barcode Shelving location
 1RHEMA Bible Training College2018-03-162010-04-14 BS 2417 .B288 2010-04-14Books  2779General Stacks